[Event "2023 National K-12 Grade Championships"]
[Site "Orlando, Florida, United States"]
[Date "2023.12.16"]
[Round "3.26"]
[White "Maddipati, Srihas Sai Sarvesh"]
[Black "Boyer-Olson, Jack"]
[Result "1-0"]
[TimeControl "G/90;d10"]
[WhiteElo "1791"]
[BlackElo "1398"]

1. e4 {[%clk 01:29:04]} {[%emt 00:00:42]} c5 {[%clk 01:30:00]} {[%emt
00:00:13]} 2. c3 {[%clk 01:28:18]} {[%emt 00:00:53]} Nf6 {[%clk 01:30:00]}
{[%emt 00:01:01]} 3. e5 {[%clk 01:27:34]} Nd5 {[%clk 01:30:00]} {[%emt
00:00:17]} 4. d4 {[%clk 01:27:24]} {[%emt 00:00:33]} cxd4 {[%clk 01:29:53]} 5.
cxd4 {[%clk 01:27:22]} {[%emt 00:00:06]} Nc6 {[%clk 01:29:53]} {[%emt
00:00:28]} 6. Nf3 {[%clk 01:26:27]} {[%emt 00:00:51]} e6 {[%clk 01:29:53]}
{[%emt 00:00:23]} 7. Bd3 {[%clk 01:25:13]} {[%emt 00:01:05]} Bb4+ {[%clk
01:29:46]} {[%emt 00:00:14]} 8. Bd2 {[%clk 01:25:13]} {[%emt 00:00:29]} Qb6
{[%clk 01:29:40]} 9. Bxb4 {[%clk 01:24:14]} {[%emt 00:01:16]} Qxb4+ {[%clk
01:28:53]} {[%emt 00:01:20]} 10. Qd2 {[%clk 01:24:14]} Nxd4 {[%clk 01:28:40]}
{[%emt 00:00:04]} 11. Nc3 {[%clk 01:22:07]} {[%emt 00:02:07]} Nxf3+ {[%clk
01:28:12]} {[%emt 00:00:47]} 12. gxf3 {[%emt 00:00:04]} Qc5 {[%emt 00:01:00]}
13. Ne4 {[%clk 01:20:30]} {[%emt 00:00:36]} Qb4 {[%clk 01:27:53]} {[%emt
00:00:43]} 14. Nd6+ {[%clk 01:19:11]} {[%emt 00:01:43]} Ke7 {[%clk 01:27:44]}
{[%emt 00:00:04]} 15. Rg1 {[%clk 01:17:44]} {[%emt 00:01:18]} Nf4 {[%clk
01:27:14]} {[%emt 00:00:46]} 16. Be4 {[%clk 01:17:19]} {[%emt 00:00:35]} Qxd2+
{[%clk 01:26:48]} {[%emt 00:00:51]} 17. Kxd2 {[%clk 01:17:19]} g6 {[%clk
01:26:32]} {[%emt 00:00:19]} 18. Rac1 {[%clk 01:16:25]} {[%emt 00:01:44]} f5
{[%clk 01:25:37]} {[%emt 00:00:29]} 19. Bc2 {[%clk 01:15:06]} {[%emt 00:01:24]}
b6 {[%clk 01:25:22]} {[%emt 00:00:43]} 20. Ba4 {[%clk 01:14:53]} {[%emt
00:00:10]} Ba6 {[%clk 01:24:50]} {[%emt 00:00:50]} 21. Rc7 {[%clk 01:14:38]}
{[%emt 00:00:14]} Rhd8 {[%clk 01:24:05]} {[%emt 00:01:32]} 22. Bc6 {[%clk
01:13:49]} {[%emt 00:00:41]} Nd5 {[%clk 01:21:52]} {[%emt 00:02:08]} 23. Rxd7+
{[%clk 01:13:37]} {[%emt 00:00:16]} Rxd7 {[%clk 01:21:52]} {[%emt 00:00:30]} 24.
Bxa8 {[%clk 01:13:37]} Nf4 {[%clk 01:21:24]} {[%emt 00:00:22]} 25. Ke3 {[%clk
01:13:01]} {[%emt 00:00:47]} Nd3 {[%clk 01:21:20]} {[%emt 00:00:37]} 26. f4
{[%clk 01:12:48]} {[%emt 00:01:27]} Nxb2 {[%clk 01:21:20]} 27. Rc1 {[%clk
01:12:00]} Nd3 {[%clk 01:21:09]} 28. Rc3 {[%emt 00:01:03]} Nc5 {[%clk
01:20:44]} 29. Rc1 {[%clk 01:09:48]} {[%emt 00:02:03]} Nb7 {[%clk 01:16:23]}
{[%emt 00:04:51]} 30. Bxb7 {[%clk 01:09:07]} {[%emt 00:00:36]} Bxb7 {[%clk
01:16:23]} {[%emt 00:00:07]} 31. Nxb7 {[%emt 00:00:12]} Rxb7 {[%clk 01:16:23]}
32. Rc8 {[%clk 01:09:07]} {[%emt 00:00:16]} Kf7 {[%clk 01:16:23]} {[%emt
00:00:07]} 33. a4 {[%clk 01:08:28]} {[%emt 00:00:41]} a5 {[%clk 01:15:12]}
{[%emt 00:01:22]} 34. Ra8 {[%clk 01:08:20]} {[%emt 00:00:20]} h5 {[%clk
01:13:56]} {[%emt 00:01:23]} 35. Kf3 {[%clk 01:07:58]} {[%emt 00:00:32]} b5
{[%clk 01:13:21]} {[%emt 00:00:57]} 36. axb5 {[%clk 01:07:55]} {[%emt
00:00:03]} Rxb5 {[%clk 01:13:02]} {[%emt 00:01:30]} 37. Ra7+ {[%clk 01:07:55]}
Kg8 {[%clk 01:10:48]} {[%emt 00:01:27]} 38. Kg3 {[%clk 01:07:55]} {[%emt
00:01:11]} Rb4 {[%clk 01:09:56]} 39. Rxa5 {[%clk 01:07:55]} {[%emt 00:00:03]}
h4+ {[%clk 01:08:57]} {[%emt 00:02:16]} 40. Kxh4 {[%clk 01:07:55]} Rxf4+ {[%clk
01:08:57]} 41. Kg5 {[%clk 01:07:55]} Rg4+ {[%clk 01:08:19]} 42. Kf6 {[%clk
01:07:55]} {[%emt 00:00:03]} Rg2 {[%clk 01:08:00]} {[%emt 00:00:24]} 43. Kxe6
{[%clk 01:07:54]} {[%emt 00:00:10]} Rxf2 {[%clk 01:07:28]} {[%emt 00:00:43]} 44.
Kf6 {[%clk 01:07:38]} {[%emt 00:00:49]} f4 {[%clk 01:06:38]} {[%emt 00:00:37]}
45. e6 {[%clk 01:07:38]} {[%emt 00:00:54]} Re2 {[%clk 01:06:30]} 46. e7 {[%clk
01:07:36]} f3 {[%clk 01:05:32]} {[%emt 00:00:47]} 47. Ra8+ {[%clk 01:07:01]}
{[%emt 00:00:45]} Kh7 {[%clk 01:05:32]} {[%emt 00:00:14]} 48. Ra1 {[%clk
01:07:00]} {[%emt 00:00:10]} Kg8 {[%clk 01:04:53]} {[%emt 00:01:07]} 49. Rf1
{[%clk 01:06:50]} {[%emt 00:00:04]} f2 {[%clk 01:04:38]} {[%emt 00:00:18]} 50.
h4 {[%clk 01:06:50]} {[%emt 00:00:22]} Re4 {[%clk 01:03:41]} {[%emt 00:00:49]}
51. Rxf2 {[%clk 01:06:50]} {[%emt 00:00:10]} Re3 {[%clk 01:03:37]} {[%emt
00:00:15]} 52. Rf4 {[%clk 01:06:26]} {[%emt 00:00:32]} Re2 {[%clk 01:03:29]}
{[%emt 00:00:18]} 53. Rd4 {[%clk 01:06:24]} {[%emt 00:00:51]} Rg2 {[%clk
01:03:15]} 54. e8=Q+ {[%clk 01:06:24]} 1-0

[Event "2023 National K-12 Grade Championships"]
[Site "Orlando, Florida, United States"]
[Date "2023.12.16"]
[Round "3.27"]
[White "Katta, Sriansh"]
[Black "Zhang, Claire"]
[Result "1-0"]
[TimeControl "G/90;d10"]
[WhiteElo "1789"]
[BlackElo "1164"]

1. e4 c6 2. d4 d5 3. Nc3 dxe4 4. Nxe4 Nf6 5. Nxf6+ exf6 6. c3 Bd6 7. Bd3 Be6 8.
Qc2 h6 9. Ne2 O-O 10. O-O Nd7 11. Be3 {[%emt 00:00:25]} Re8 {[%emt 00:02:22]}
12. h3 c5 {[%emt 00:01:00]} 13. Rad1 {[%emt 00:01:05]} Rc8 {[%emt 00:01:45]} 14.
d5 {[%emt 00:03:17]} Bxh3 {[%emt 00:07:12]} 15. gxh3 {[%emt 00:01:43]} Ne5
{[%emt 00:02:10]} 16. Kg2 {[%emt 00:01:32]} Nxd3 {[%emt 00:01:36]} 17. Qxd3
{[%emt 00:01:19]} Qd7 {[%emt 00:01:02]} 18. Ng3 {[%emt 00:00:46]} b5 {[%emt
00:04:28]} 19. Qf5 {[%emt 00:05:16]} Qb7 {[%emt 00:00:08]} 20. Qf3 {[%emt
00:05:43]} Qa6 {[%emt 00:02:51]} 21. Nf5 {[%emt 00:06:16]} Bf8 {[%emt
00:03:34]} 22. d6 {[%emt 00:04:50]} Re6 {[%emt 00:03:50]} 23. d7 {[%emt
00:01:20]} Rd8 {[%emt 00:00:59]} 24. Bf4 {[%emt 00:00:10]} Qc6 {[%emt
00:01:18]} 25. Qxc6 {[%emt 00:01:01]} Rxc6 26. Rfe1 g5 {[%emt 00:02:58]} 27.
Re8 {[%emt 00:00:13]} Rxd7 {[%emt 00:02:27]} 28. Rd2 Rdd6 29. Rxd6 Ra6 {[%emt
00:05:46]} 30. Rd7 Kh7 31. Rxf8 Kg6 32. Rdxf7 Kh5 {[%emt 00:00:04]} 33. Ne7
gxf4 {[%emt 00:04:29]} 34. Rg7 {[%emt 00:00:03]} Rb6 {[%emt 00:01:16]} 35. Rg4
Re6 {[%emt 00:00:32]} 36. Nf5 {[%emt 00:00:04]} f3+ {[%emt 00:00:55]} 37. Kh2
{[%emt 00:00:11]} Re7 {[%emt 00:01:18]} 38. Ng3# 1-0